000 00656nam a2200241Ia 4500
003 OSt
005 20220923225122.0
006 a|||||r|||| 00| 0
007 ta
008 220922b |||||||| |||| 00| 0 hin d
024 _a257,612
037 _cTextual
040 _aARTS
_cARTS
_bhin
041 _2hin
_ahin
082 _aY:45, 152M3
245 0 _aअपराध का समाजशास्त्र
246 _aAparādh kā samājashāstra
260 _c1983
300 _a330पृ.
_ccm.
650 _aभारतीय-लोक साहित्य
942 _hY:45, 152M3
_cTEXL
_2CC
999 _c376179
_d376179